000 00407nam a2200145Ia 4500
008 230711s9999||||xx |||||||||||||| ||und||
041 _aENG
082 _a621
_bGO-D
100 _aGothman,William
245 0 _aDigital electronics introduction to theory and practice
250 _a2nd
260 _c1982
_aNew Delhi
_bPrentice-Hall of India Private Limited
650 _aElectronics Engineering
942 _cBK
999 _c1322
_d1322